| 000 | 00512nam a22001697a 4500 | ||
|---|---|---|---|
| 003 | OSt | ||
| 082 | _a630 | ||
| 088 | _aP554 | ||
| 100 |
_aMANJU, M _95328 |
||
| 100 |
_aSAFWAN ALI, A. C _95329 |
||
| 100 |
_aSHAHANAS, P _95330 |
||
| 100 |
_a PRADHYMN, JAWDHEKAR _95331 |
||
| 245 | _aSTUDIES ON MICROWAVE STEAM DISTILLATION PROCESS FOR EXTRACTION OF TULSI ESSENTIAL OIL | ||
| 260 |
_aThavanur _KKelappaji College of Agricultural Engineering and Technology _c2022 |
||
| 700 |
_aDr prince M.V _95332 |
||
| 942 | _cPR | ||
| 999 |
_c17594 _d17594 |
||